000 00429nam a22001697a 4500
003 NUST - PNEC
005 20170116180913.0
008 150903b xxu||||| |||| 00| 0 eng d
020 _a0582056446
040 _cLIBRARY
082 _a620.11 BEN
100 _97256
_aBenham, P.P.
245 _aMechanics of engineering materials
_cP.P Benhem
260 _c1987
650 _97260
_aMechanical Engineering
_xME
942 _2ddc
_cBK
999 _c65368
_d65368